[Event "Karposh Open"]
[Site "Skopje MKD"]
[Date "2011.04.08"]
[Round "8"]
[White "Hadzi Manev,L"]
[Black "Nikolovski,Nikola"]
[Result "1-0"]
[WhiteElo "2184"]
[BlackElo "1823"]

1.d4 d5 2.c4 e6 3.Nf3 c6 4.Nc3 Nf6 5.Bf4 Nbd7 6.e3 Be7 7.Bd3 O-O 8.O-O Re8
9.Rc1 Nf8 10.Ne5 N6d7 11.e4 Nxe5 12.Bxe5 Ng6 13.exd5 exd5 14.cxd5 cxd5 15.Bxg6 hxg6
16.Nb5 Rf8 17.Nc7 Rb8 18.Qb3 Bd6 19.Qxd5 Bxe5 20.Qxe5 Bf5 21.d5 Qd7 22.h3 f6
23.Qd4 Rbc8 24.d6 Rfd8 25.Rfd1 b6 26.a3 Be6 27.Rc3 Bf7 28.g4 g5 29.Qe4 Kh8
30.Rcd3 Kg8 31.R1d2 Be8 32.Kh2 Bf7 33.f4 gxf4 34.Qxf4 Bg6 35.Rc3 Qf7 36.Kg3 Rd7
37.Qc4 Qxc4 38.Rxc4 Rcd8 39.Rcd4 Bf7 40.Kf4 Ba2 41.b4 Bb3 42.h4 g6 43.b5 Rh7
44.d7 Kf8 45.Rd6 Ke7 46.Kg3 Rf7 47.R6d3 Be6 48.Re2 Rxd7 49.Rxd7+ Kxd7 50.Nxe6 Kd6
51.h5 gxh5 52.gxh5 Re7 53.Nf4 Rg7+ 54.Kh4 Kc5 55.Ne6+  1-0

[Event "Norsk Open A"]
[Site "Fagernes NOR"]
[Date "2011.04.17"]
[Round "2"]
[White "Sjol,H"]
[Black "Gronnestad,A"]
[Result "1/2-1/2"]
[WhiteElo "1848"]
[BlackElo "2031"]

1.d4 Nf6 2.Nf3 d5 3.c4 e6 4.Nc3 c6 5.Bf4 Bb4 6.a3 Bxc3+ 7.bxc3 dxc4 8.Ne5 b5
9.g3 Nd5 10.Bd2 O-O 11.Bg2 f6 12.Nf3 Bb7 13.O-O Nd7 14.a4 N5b6 15.axb5 cxb5
16.Qb1 a6 17.Ng5 fxg5 18.Bxb7 Ra7 19.Bxa6 Nd5 20.Qxb5 Nc7 21.Qxc4 Qa8 22.Rac1 Nxa6
23.Qxe6+ Kh8 24.Bxg5 Re8 25.Qg4 Nab8 26.Be3 Nf6 27.Qf3 Nc6 28.Bg5 Ne4 29.Be3 Ra5
30.c4 Ra3 31.Qg4 Nf6 32.Qf4 Rf8 33.Qh4 Ne7 34.Qg5 Ra5 35.d5 Nexd5 36.cxd5 Rxd5
37.Qh4 Rh5 38.Qc4 h6 39.Qc6 Qa2 40.Qd6 Re8 41.Qd3 Qe6 42.Rc5 Nd5 43.h4 Nf4
44.Qc4 Rxc5 45.Qxc5 Nxe2+ 46.Kh2 Qg4 47.Rb1 Qf3 48.Qb5 Rf8 49.Qb7 Qf6 50.Qb2 Qxb2
51.Rxb2 Nc3 52.Rb7 Rd8 53.Kg2 Kh7 54.Ra7 Kg6 55.Rc7 Ne4 56.Kf3 Nf6 57.g4 Nd5
58.Rc6+ Kf7 59.g5  1/2-1/2

[Event "VII Lubuska Open"]
[Site "Gorzow POL"]
[Date "2011.04.20"]
[Round "1"]
[White "Brodzinski,Z"]
[Black "Siwiec,A"]
[Result "0-1"]
[WhiteElo "1606"]
[BlackElo "2132"]

1.Nf3 Nf6 2.c4 c6 3.d4 d5 4.Nc3 e6 5.Bf4 Be7 6.e3 O-O 7.Be2 dxc4 8.Bxc4 b5
9.Bd3 Bb7 10.O-O Nbd7 11.e4 b4 12.Ne2 c5 13.Ng3 cxd4 14.Nxd4 e5 15.Bxe5 Nxe5
16.Ndf5 Nxd3 17.Nxe7+ Qxe7 18.Qxd3 Bxe4 19.Qe3 Rfe8 20.Rfe1 Qb7 21.Qg5 h6
22.Qf4 Re7 23.Nf5 Bxf5 24.Rxe7 Qxe7 25.Qxf5 Re8 26.h3 Qe5 27.Qc2 Qe2 28.Rc1 Qxc2
29.Rxc2 Re1+ 30.Kh2 Ra1 31.b3 Nd5 32.Rd2 Nc3 33.Rd8+ Kh7 34.Rd7 Rxa2 35.Rxf7 a5
36.f4 a4 37.bxa4 b3  0-1

[Event "Branko Vukmanovic Mem Open"]
[Site "Tivat MNE"]
[Date "2011.04.20"]
[Round "5.3"]
[White "Cvetkovic,Sr"]
[Black "Blagojevic,Dr"]
[Result "1/2-1/2"]
[WhiteElo "2408"]
[BlackElo "2524"]

1.c4 e6 2.Nf3 d5 3.d4 Nf6 4.Nc3 c6 5.Qb3 dxc4 6.Qxc4 b5 7.Qb3 Nbd7 8.Bg5 a6
9.e3 c5 10.Be2 Be7 11.O-O Bb7 12.Rad1 c4 13.Qc2 Rc8 14.a3  1/2-1/2

[Event "V New Open Lugano"]
[Site "Lugano SUI"]
[Date "2011.04.25"]
[Round "6.8"]
[White "Karl,H"]
[Black "Di Trapani,D"]
[Result "1-0"]
[WhiteElo "2194"]
[BlackElo "2018"]

1.d4 d5 2.c4 c6 3.Nf3 Nf6 4.Nc3 e6 5.Bf4 dxc4 6.a4 Bb4 7.Qc2 b5 8.e4 Bb7
9.e5 Nd5 10.Bd2 a6 11.Be2 Bxc3 12.bxc3 Nd7 13.Ng5 c5 14.Ne4 O-O 15.Nd6 Qb6
16.Rb1 cxd4 17.cxd4 c3 18.Be3 b4 19.a5 Qc7 20.O-O f5 21.Bd3 Rab8 22.g4 f4
23.Bxh7+ Kh8 24.Bc1 Qd8 25.Be4 f3 26.h3 Ba8 27.Qd3 Qh4 28.Kh2 Nf4 29.Bxf4 Rxf4
30.Bxa8 Rxa8 31.Rxb4 Nxe5 32.dxe5 Rxb4 33.Qxf3 Rb3 34.Qxa8+  1-0

[Event "Spring Cup LCC 2011"]
[Site "Lviv UKR"]
[Date "2011.05.01"]
[Round "7.12"]
[White "Yashchenko,O"]
[Black "Durnev,V"]
[Result "0-1"]
[WhiteElo "1768"]
[BlackElo "2019"]

1.d4 d5 2.c4 e6 3.Nf3 Nf6 4.Bf4 c6 5.Nc3 Bb4 6.e3 Qa5 7.Qb3 dxc4 8.Bxc4 Nd5
9.Bxd5 exd5 10.Rc1 O-O 11.O-O Nd7 12.a3 Bxc3 13.Rxc3 Qb6 14.Qc2 Nf6 15.b4 a5
16.Rb3 axb4 17.axb4 Ne4 18.Ne5 Bf5 19.Qe2 Ra4 20.Nd3 Qb5 21.Rc1 Rfa8 22.Qd1 Ra2
23.g4 Nd2 24.gxf5 Nxb3 25.Qxb3 R8a3 26.Qb1 Qxd3 27.Qxd3 Rxd3 28.b5 Rdd2 29.bxc6 bxc6
30.Rxc6 h5 31.Bg3 Ra5 32.Rc8+ Kh7 33.Rc7 f6 34.Bh4 Kh6 35.Rc8 g5 36.fxg6 Kxg6
37.Rc6 Kf5 38.Rxf6+ Kg4 39.Bg3 Kh3  0-1

[Event "ch-Euro Indiv Women"]
[Site "Tbilisi GEO"]
[Date "2011.05.08"]
[Round "2"]
[White "Khurtsilava,I"]
[Black "Gevorgyan,M"]
[Result "1-0"]
[WhiteElo "2286"]
[BlackElo "2065"]

1.d4 d5 2.c4 e6 3.Nf3 c6 4.Qb3 Nf6 5.Nc3 Nbd7 6.Bg5 h6 7.Bh4 g5 8.Bg3 Nh5
9.e3 Nxg3 10.hxg3 Bg7 11.Rd1 Qe7 12.e4 dxe4 13.Nxe4 f5 14.Nc3 e5 15.dxe5 g4
16.Nd4 Bxe5 17.Be2 Qf6 18.Nc2 Nc5 19.Qa3 b6 20.Nb4 Ne4 21.Nd3  1-0

[Event "Sten Open"]
[Site "Hradec Kralove CZE"]
[Date "2011.05.13"]
[Round "7"]
[White "Golcman,E"]
[Black "Smolik,Boris"]
[Result "1-0"]
[WhiteElo "2292"]
[BlackElo "1917"]

1.c4 e6 2.Nc3 d5 3.d4 Nf6 4.Nf3 c6 5.Qb3 dxc4 6.Qxc4 b5 7.Qb3 Bb7 8.g3 a6
9.Bg2 Nbd7 10.Be3 Rc8 11.Rd1 Nd5 12.Nxd5 cxd5 13.Bg5 Be7 14.Bxe7 Qxe7 15.O-O O-O
16.Rc1 Nb6 17.Rfd1 Rfd8 18.Ne5 f6 19.Nd3 Bc6 20.Qb4 Qxb4 21.Nxb4 Bb7 22.Nd3 Rxc1
23.Rxc1 Kf7 24.Rc7+ Rd7 25.Rc3 Rd8 26.Bh3 g5 27.Bxe6+ Kxe6 28.Nc5+ Ke7 29.Nxb7 Rc8
30.Re3+  1-0

[Event "TCh-HUN 2010-11"]
[Site "Mako HUN"]
[Date "2011.05.15"]
[Round "11"]
[White "Gyimesi,Z"]
[Black "Erdos,V"]
[Result "1/2-1/2"]
[WhiteElo "2595"]
[BlackElo "2576"]

1.d4 d5 2.Nf3 Nf6 3.c4 c6 4.Nc3 e6 5.Qb3 dxc4 6.Qxc4 b5 7.Qd3 a6 8.Bg5 c5
9.Bxf6 gxf6 10.d5 Bb7 11.e4 Nd7 12.O-O-O c4 13.Qc2 Qb6 14.Kb1 O-O-O 15.g3 Kb8
16.Bh3 Nc5 17.dxe6 fxe6 18.Rxd8+ Qxd8 19.Rd1 Qb6 20.Nd4 Bh6 21.a3 Rd8 22.f4 Bf8
23.e5 f5 24.Bg2 Nd3 25.Bxb7 Rxd4 26.Bf3 Qd8 27.Ne2 Rd7 28.Bc6 Rc7 29.Bh1 Rd7
30.Bc6 Rc7 31.Bh1 Rd7  1/2-1/2

[Event "ch-Euro Indiv Women"]
[Site "Tbilisi GEO"]
[Date "2011.05.15"]
[Round "8"]
[White "Kuchava,A"]
[Black "Mamedjarova,T"]
[Result "0-1"]
[WhiteElo "1973"]
[BlackElo "2322"]

1.d4 d5 2.Nf3 Nf6 3.c4 e6 4.Nc3 c6 5.Qb3 Be7 6.Bg5 O-O 7.e3 Nbd7 8.cxd5 Nxd5
9.Bxe7 Qxe7 10.Bd3 Nxc3 11.Qxc3 c5 12.O-O b6 13.Be4 Rb8 14.dxc5 Nxc5 15.Qa3 b5
16.Bc6 Rb6 17.Rac1 b4 18.Qa5 Rxc6 19.Nd4 Rc7 20.Nb5 Rd7 21.Qxb4 Nd3 22.Qxe7 Rxe7
23.Rc2 Ba6 24.a4 e5 25.Rd1 Bxb5 26.axb5 e4 27.f3 f5 28.f4 Rb8 29.Ra1 Rxb5
30.Rc8+ Kf7 31.Ra8 Rxb2 32.R8xa7 Rxa7 33.Rxa7+ Kg6  0-1

[Event "20th ch-MKD 2011"]
[Site "Skopje MKD"]
[Date "2011.05.17"]
[Round "7"]
[White "Mitkov,M"]
[Black "Stanojoski,Z"]
[Result "1/2-1/2"]
[WhiteElo "2374"]
[BlackElo "2493"]

1.d4 d5 2.c4 e6 3.Nf3 c6 4.Qb3 Nf6 5.Nc3 Be7 6.g3 O-O 7.Bg2 dxc4 8.Qxc4 b5
9.Qb3 b4 10.Na4 Ba6 11.Nc5 Qb6 12.Bd2 Nfd7 13.Nxa6 Nxa6 14.O-O Rac8 15.Rac1 c5
16.d5 c4 17.Rxc4 Ndc5 18.Qd1 exd5 19.Rd4 Rfd8 20.Bg5 Bxg5 21.Nxg5 Ne6 22.Nxe6 fxe6
23.e3 Nc7 24.Qh5 g6 25.Qg5 a5 26.h4 Nb5 27.Rg4 Rc4 28.h5 Rxg4 29.Qxg4 Kg7
30.hxg6 hxg6 31.Rc1 Qd6 32.Bf1 Nc7 33.Bd3 Ne8 34.Qxg6+ Kf8 35.Kg2 Qe5 36.Rh1 Rd7
37.Bb5 Rf7 38.Bxe8 Rf5 39.Rh7 Qe4+ 40.Kg1 Qb1+ 41.Kg2 Qe4+ 42.Kg1 Qb1+ 43.Kg2 Qe4+
44.Kg1  1/2-1/2

[Event "Teplice Open"]
[Site "Teplice CZE"]
[Date "2011.06.11"]
[Round "1"]
[White "Horak,Ji1"]
[Black "Toman,Ondrej"]
[Result "1-0"]
[WhiteElo "2272"]
[BlackElo "1811"]

1.d4 d5 2.c4 c6 3.Nc3 Nf6 4.Nf3 e6 5.Bf4 Bd6 6.Bxd6 Qxd6 7.e3 O-O 8.Rc1 Nbd7
9.Bd3 dxc4 10.Bxc4 b5 11.Bd3 Bb7 12.O-O h6 13.e4 e5 14.dxe5 Nxe5 15.Nxe5 Qxe5
16.Qe2 Rfd8 17.Bb1 a6 18.f4 Qc5+ 19.Kh1 Qe7 20.e5 Nd5 21.Ne4 Nb6 22.Rc3 Nd7
23.Rg3 Kh8 24.Nd6 Nf8 25.Qh5 Rd7 26.Rxg7 Rxd6 27.exd6  1-0

[Event "Teplice Open"]
[Site "Teplice CZE"]
[Date "2011.06.13"]
[Round "3"]
[White "Srkal,Miroslav"]
[Black "Vrchotka,J"]
[Result "0-1"]
[WhiteElo "1828"]
[BlackElo "2017"]

1.d4 d5 2.c4 e6 3.Nf3 Nf6 4.Nc3 c6 5.Bf4 Be7 6.e3 O-O 7.a3 Nbd7 8.h3 Re8
9.Bd3 Nf8 10.c5 N6d7 11.b4 Ng6 12.O-O Bf6 13.Bxg6 hxg6 14.e4 Be7 15.e5 g5
16.Bg3 f5 17.Nd2 g6 18.f4 Nf8 19.fxg5 Bxg5 20.Nf3 Be7 21.h4 Nh7 22.Qd2 Kg7
23.Kf2 b6 24.Rh1 Ba6 25.Bf4 Bc4 26.Qe3 Bb3 27.g3 Bc2 28.Nd2 bxc5 29.bxc5 Rb8
30.Ra2 Be4 31.Ndxe4 dxe4 32.Ne2 Qd5 33.Bh6+ Kf7 34.Rc2 Rb3 35.Rc3 Rb2 36.Rhc1 Reb8
37.Ke1 Qa2 38.Bf4 a5 39.d5 exd5 40.e6+ Kxe6 41.Bxb8 Rxb8 42.Nd4+ Kd7 43.R3c2 Rb2
44.Kd1 Nf6 45.Qc3 Rxc2 46.Rxc2 Qb1+ 47.Rc1 Qd3+ 48.Qxd3 exd3 49.a4 Ne4 50.h5 gxh5
51.Nxf5 Bg5  0-1

[Event "Voronezh Master Open"]
[Site "Voronezh RUS"]
[Date "2011.06.15"]
[Round "4.14"]
[White "Tunik,G"]
[Black "Popelyshev,I"]
[Result "1-0"]
[WhiteElo "2427"]
[BlackElo "2155"]

1.d4 d5 2.c4 c6 3.Nf3 Nf6 4.Nc3 e6 5.Qb3 Nbd7 6.g3 Bd6 7.Bg2 dxc4 8.Qxc4 e5
9.Bg5 Qa5 10.Bd2 Qc7 11.Rc1 Qb8 12.Ng5 O-O 13.Nge4 Be7 14.Nxf6+ Nxf6 15.d5 cxd5
16.Nxd5 Nxd5 17.Bxd5 Qd6 18.O-O Bh3 19.Rfd1 Rac8 20.Qb3 Rxc1 21.Bxc1 Qa6
22.Qxb7 Qxb7 23.Bxb7 h5 24.b3 Be6 25.Ba6 Bc5 26.Be3 Bxe3 27.fxe3 Rb8 28.Kf2 Kf8
29.Rc1 Rb6 30.Bc8 Ke7 31.Bxe6 Kxe6 32.e4 Kd6 33.Rc4 a5 34.Ke3 Rb8 35.Kd3 h4
36.Ra4 hxg3 37.hxg3 Rb5 38.Kc3 Kc6 39.Rc4+ Kd6 40.Kb2 Rb8 41.Ra4 Rb5 42.Ka3 g6
43.Rc4 f5 44.Ka4 Rb8 45.e3 Ra8 46.exf5 gxf5 47.g4 fxg4 48.Rxg4 Kd5 49.Rc4 e4
50.Rd4+ Ke5 51.Rd2 Kf5 52.Kb5 Ke5 53.Rf2 Ke6 54.Rf4 Ke5 55.Rg4 Kf5 56.Rg7 Rd8
57.Rf7+ Ke6 58.Ra7 Rd3 59.Rxa5 Rxe3 60.Kc4 Rd3 61.b4 Rd2 62.b5 e3 63.Ra3 Kd6
64.Rd3+ Kc7 65.a4 Ra2 66.Kb4 Rb2+ 67.Ka5 e2 68.Re3 Ra2 69.Re4 Kd7 70.Kb6 Rxa4
71.Rxe2 Ra1 72.Kb7 Rd1 73.b6 Rc1 74.Rd2+ Ke7 75.Kb8  1-0

[Event "39th World Open"]
[Site "Philadelphia USA"]
[Date "2011.07.02"]
[Round "5"]
[White "Kleiman,J"]
[Black "Thaler,Mi"]
[Result "1-0"]
[WhiteElo "2392"]
[BlackElo "2244"]

1.d4 d5 2.c4 c6 3.Nf3 Nf6 4.Nc3 e6 5.Qb3 Nbd7 6.Bf4 Nb6 7.cxd5 exd5 8.Qc2 Bd6
9.Bxd6 Qxd6 10.e3 Bg4 11.Ne5 Bh5 12.Bd3 Bg6 13.Nxg6 hxg6 14.h3 Nbd7 15.b4 O-O
16.O-O a5 17.bxa5 Rxa5 18.a4 Rfa8 19.Rab1 R8a7 20.Rfd1 Qe7 21.Rb2 Ne4 22.Bxe4 dxe4
23.Nxe4 Rxa4 24.Rdb1 c5 25.Nc3 Ra1 26.Rxb7 cxd4 27.Rxa7 Rxa7 28.exd4 Nf6
29.Qb3 Rd7 30.d5 Qe5 31.Rd1 Ne4 32.Nxe4 Qxe4 33.d6 Qe6 34.Qxe6 fxe6 35.f4 Kf7
36.Kf2 Kf6 37.Kf3 Kf5 38.h4 e5 39.fxe5 Kxe5 40.Kg4 Kf6 41.Rd2 g5 42.h5 Kf7
43.Kxg5 Kg8 44.Kf5 Kf7 45.Ke5 Rd8 46.d7 Ke7 47.Kf5 Kf7 48.Rd3 g6+ 49.hxg6+ Kg7
50.Ke6  1-0

[Event "2nd SPI Open"]
[Site "Satu Mare ROU"]
[Date "2011.07.15"]
[Round "1"]
[White "Bulmaga,E"]
[Black "Dobre,ClC"]
[Result "0-1"]
[WhiteElo "1791"]
[BlackElo "2353"]

1.d4 d5 2.c4 c6 3.Nc3 Nf6 4.Nf3 e6 5.Bf4 dxc4 6.a4 Bb4 7.e3 Nd5 8.Qc2 Qa5
9.Rc1 Nxf4 10.exf4 b5 11.axb5 Bb7 12.Bxc4 cxb5 13.Be2 Nd7 14.O-O a6 15.Ne5 Nf6
16.f5 Bxc3 17.bxc3 O-O 18.fxe6 fxe6 19.Ng4 Rac8 20.Nxf6+ Rxf6 21.Rfe1 Bd5
22.Bd3 h6 23.Be4 b4 24.Bxd5 Qxd5 25.Qd3 Qb3 26.Qxa6 Rxc3 27.Rxc3 bxc3 28.Qc8+ Rf8
29.Qxe6+ Qxe6 30.Rxe6 c2 31.Rc6 Ra8  0-1

[Event "Politiken Cup"]
[Site "Helsingor DEN"]
[Date "2011.07.31"]
[Round "2.55"]
[White "Rehn,R"]
[Black "Pimenta,A"]
[Result "1-0"]
[WhiteElo "2237"]
[BlackElo "2006"]

1.d4 d5 2.c4 e6 3.Nf3 c6 4.Bf4 Nf6 5.Nc3 dxc4 6.e4 b5 7.Qc2 Bb7 8.Be2 Be7
9.O-O O-O 10.Rfd1 Nbd7 11.a4 a6 12.h3 Qc8 13.Bg5 h6 14.Bh4 Re8 15.Bg3 b4
16.e5 bxc3 17.exf6 cxb2 18.Qxb2 Bxf6 19.Rab1 Ra7 20.Ne5 c5 21.Nxc4 Bxd4 22.Rxd4 cxd4
23.Nd6 Qa8 24.Nxe8 Be4 25.Rc1 Qxe8 26.Qxd4 Qa8 27.f3 Bd5 28.Bd3 Rb7 29.Kh2 a5
30.Bb5 Nf6 31.Rc5 Qd8 32.Qc3 Qe7 33.Rc8+ Kh7 34.Bd3+ g6 35.Bh4 e5 36.Qxa5 Rd7
37.Qb6 Rd6 38.Qb8 Bxf3 39.Rh8+ Kg7 40.Re8 Qd7 41.Bxf6+ Kxf6 42.gxf3 g5 43.Be2 Rd5
44.Qb6+ Rd6 45.Qc5 Rd5 46.Qf8 Qxa4 47.Qxh6+ Kf5 48.Qh7+ Kf6 49.Qh8+ Kf5 50.Re7 f6
51.Qc8+ Kg6 52.Qg8+ Kf5 53.Qxd5 Qf4+ 54.Kg2  1-0

[Event "Ceska Cup IM2"]
[Site "Olomouc CZE"]
[Date "2011.08.04"]
[Round "2"]
[White "Volodin,V"]
[Black "Aripov,I"]
[Result "0-1"]
[WhiteElo "2200"]
[BlackElo "2123"]

1.Nf3 Nf6 2.c4 c6 3.d4 d5 4.Nc3 e6 5.Qb3 Nbd7 6.g3 Bd6 7.Bg2 b6 8.O-O O-O
9.Nd2 Bb7 10.e4 e5 11.exd5 cxd5 12.Nxd5 Nxd5 13.cxd5 exd4 14.Ne4 Nc5 15.Nxc5 Bxc5
16.Bf4 Qd7 17.Rfd1 Rad8 18.d6 Bxg2 19.Kxg2 Qf5 20.Qd3 Qxd3 21.Rxd3 f6 22.h4 Bxd6
23.Rxd4 Bxf4 24.Rxf4 Rd2 25.b4 Rc8 26.a4 Rdc2 27.Rd1 R8c4 28.Rfd4 Rxd4 29.Rxd4 Rc7
30.Kf3 Kf7 31.Ke4 Ke6 32.g4 g6 33.f3 Rc1 34.Kf4 a6 35.a5 b5 36.Ke4 f5+ 37.gxf5+ gxf5+
38.Kf4 h6 39.Ke3 Rc3+ 40.Kf4 Rb3 41.Kg3 Ke5 42.Rd8 Rxb4 43.f4+ Ke4 44.Re8+ Kd4
45.Re6 Rb3+ 46.Kf2 Rh3 47.Rxa6 Rxh4 48.Kg3 Rh1 49.Rb6 Kc5 50.Rf6 Kc4 51.a6 b4
52.a7 Ra1 53.Rf7 b3 54.Kf3 b2 55.Rb7 Kc3 56.Ke3 Kc2 57.Re7 Kb1 58.Kd2 Ra2  0-1

[Event "IRT Jose Rubinstein"]
[Site "Villa Martelli ARG"]
[Date "2011.08.07"]
[Round "7.10"]
[White "Sotelo Rojas,R"]
[Black "Leal,Jor"]
[Result "0-1"]
[WhiteElo "1947"]
[BlackElo "1767"]

1.d4 d5 2.c4 c6 3.Nc3 Nf6 4.Bf4 e6 5.Nf3 Bd6 6.Bxd6 Qxd6 7.c5 Qe7 8.e3 Nbd7
9.Bd3 O-O 10.Qc2 e5 11.Nxe5 Nxe5 12.dxe5 Qxe5 13.h3 d4 14.Ne4 Nxe4 15.Bxe4 f5
16.Bf3 dxe3 17.O-O exf2+ 18.Rxf2 Be6 19.Re2 Qf6 20.Rae1 Rfe8 21.b4 Bf7 22.Rxe8+ Rxe8
23.Rxe8+ Bxe8 24.Qd2 Qe7 25.a4 Kf7 26.Kf2 Qh4+ 27.Kg1 Qf6 28.Kf2 Qe6 29.b5 Qd7
30.Qf4 Qe6 31.bxc6 Bxc6 32.Bxc6 Qxc6 33.Qc4+ Kf8 34.Qd4 b6 35.cxb6 Qxb6 36.Ke3 Ke7
37.a5 Qxd4+ 38.Kxd4 Kd6 39.Kc4 g5 40.Kd4 h5 41.Ke3 h4 42.Kf3 Kd5 43.Ke3 Kc4
44.Kf3 Kb5 45.g3 hxg3 46.Kxg3 Kxa5 47.h4 gxh4+ 48.Kxh4 Kb5 49.Kg5 Kb4  0-1

[Event "Split Open"]
[Site "Split CRO"]
[Date "2011.08.13"]
[Round "9.18"]
[White "Leroy,D"]
[Black "Cecuk,M"]
[Result "1-0"]
[WhiteElo "2282"]
[BlackElo "2104"]

1.c4 Nf6 2.d4 e6 3.Nf3 d5 4.Nc3 c6 5.Qb3 Nbd7 6.g3 Qb6 7.Bg2 Qxb3 8.axb3 Bd6
9.c5 Bc7 10.b4 b6 11.Bf4 Bxf4 12.gxf4 Bb7 13.Ne5 Nxe5 14.fxe5 Nd7 15.e4 b5
16.f4 g6 17.h4 h5 18.f5 gxf5 19.exd5 exd5 20.O-O Bc8 21.Kh2 Nf8 22.Bxd5 cxd5
23.Nxb5 Ne6 24.Rxf5 Ke7 25.Nd6 Rh7 26.Rxa7+ Rxa7 27.Nxc8+ Ke8 28.Nxa7 Nxd4
29.Rf6 Ne6 30.c6 Kd8 31.Nb5 d4 32.Nd6 Kc7 33.b5  1-0

[Event "10th Lichtenberger Sommer"]
[Site "Berlin GER"]
[Date "2011.08.14"]
[Round "2.8"]
[White "Muse,D"]
[Black "Witte,R"]
[Result "1-0"]
[WhiteElo "2381"]
[BlackElo "2063"]

1.d4 Nf6 2.Nf3 e6 3.c4 d5 4.Nc3 c6 5.Qb3 Nbd7 6.g3 Bd6 7.Bf4 Qc7 8.e3 O-O
9.O-O-O dxc4 10.Qxc4 a6 11.Bxd6 Qxd6 12.e4 b5 13.e5 Qc7 14.Qd3 Nd5 15.Ng5 g6
16.Bg2 b4 17.Nce4 h6 18.Nf3 c5 19.Qd2 Kg7 20.dxc5 Nxc5 21.Nxc5 Qxc5+ 22.Kb1 Bb7
23.Rc1 Qb6 24.Ka1 Rac8 25.h4 Rxc1+ 26.Rxc1 Rc8 27.Rxc8 Bxc8 28.Nd4 Bb7 29.Bxd5 Bxd5
30.b3 a5 31.Kb2 Qc5 32.Qe3 Kh7 33.Nc2 Qb5 34.Nd4 Qc5 35.g4 Qe7 36.g5 h5 37.Nb5 Bc6
38.Nd6 Qc7 39.Qc5 Kg7 40.Ne8+  1-0

[Event "20th ZMDI Open A"]
[Site "Dresden GER"]
[Date "2011.08.14"]
[Round "9.22"]
[White "Heinig,Wo"]
[Black "Hentze,M"]
[Result "1/2-1/2"]
[WhiteElo "2319"]
[BlackElo "2051"]

1.d4 d5 2.c4 c6 3.Nf3 Nf6 4.Qb3 e6 5.Nc3 Be7 6.Bg5 Nbd7 7.e3 O-O 8.Bd3 a6
9.O-O h6 10.Bh4 Ra7 11.a4 a5  1/2-1/2

[Event "6th Ptuj Open"]
[Site "Ptuj SLO"]
[Date "2011.08.15"]
[Round "6"]
[White "Maltar,A"]
[Black "Majcenovic,M"]
[Result "1-0"]
[WhiteElo "2149"]
[BlackElo "2019"]

1.Nf3 d5 2.c4 e6 3.d4 Nf6 4.Nc3 c6 5.Bf4 Bb4 6.Qb3 Qa5 7.Bd2 Nbd7 8.a3 Bxc3
9.Bxc3 Qc7 10.e3 Ne4 11.c5 O-O 12.Bd3 Nxc3 13.Qxc3 Re8 14.Ne5 Nf8 15.f4 f6
16.Nf3 Bd7 17.O-O Re7 18.Rf2 Be8 19.Nh4 Bd7 20.Raf1 e5 21.fxe5 fxe5 22.Rxf8+ Rxf8
23.Bxh7+ Kxh7 24.Rxf8 exd4 25.exd4 Re4 26.Nf3 Bg4 27.Ng5+  1-0

[Event "Botvinnik 100th Open"]
[Site "St Petersburg RUS"]
[Date "2011.08.16"]
[Round "5"]
[White "Ivanov,Tim"]
[Black "Predke,A"]
[Result "1/2-1/2"]
[WhiteElo "2325"]
[BlackElo "2450"]

1.Nf3 d5 2.d4 Nf6 3.c4 e6 4.Nc3 c6 5.Qb3 Nbd7 6.Bf4 Be7 7.e3 b6 8.cxd5 exd5
9.h3 O-O 10.Be2 Re8 11.O-O Bb7 12.Qa4 a6 13.Rad1 Bf8 14.Qc2 Rc8 15.Bd3 c5
16.Ne5 g6 17.Nxd7 Qxd7 18.Be5 Qc6 19.Be2 Nd7 20.Bf3 Qe6 21.Bg3 Bg7 22.dxc5 Rxc5
23.Qd2 Nf6 24.Ne2 Ne4 25.Bxe4 dxe4 26.b3 Rd5 27.Qc1 Rc8 28.Qb1 Rdd8 29.Rxd8+ Rxd8
30.Rd1 Rxd1+ 31.Qxd1 Qd5 32.Qc2 Bc6 33.Bc7 b5 34.Bb6 Bf8 35.Bd4 Bd6 36.Bb2 Qd3
37.Nd4 b4 38.Qc1 Bd7 39.Qe1 a5 40.Qc1 h6 41.h4 g5 42.hxg5 hxg5 43.g3 f5 44.Nc6 Bxc6
45.Qxc6 Qd1+ 46.Kg2 Qf3+ 47.Kg1 Qd1+ 48.Kg2 Qf3+  1/2-1/2

[Event "Botvinnik 100th Open"]
[Site "St Petersburg RUS"]
[Date "2011.08.20"]
[Round "9"]
[White "Rykov,Iv2"]
[Black "Bezobrazov,L"]
[Result "1-0"]
[WhiteElo "1759"]
[BlackElo "1689"]

1.d4 Nf6 2.c4 e6 3.Nc3 d5 4.Nf3 c6 5.Bf4 Nbd7 6.e3 Qa5 7.Qc2 Bb4 8.Bd3 dxc4
9.Bxc4 Nd5 10.Bxd5 Qxd5 11.O-O Qh5 12.Ne2 f6 13.Ng3 Qf7 14.e4 g5 15.Bd2 Be7
16.e5 Rg8 17.exf6 Bxf6 18.Ne4 g4 19.Nd6+ Kf8 20.Nxf7 Kxf7  1-0

[Event "Pushchino Autumn"]
[Site "Pushchino RUS"]
[Date "2011.09.13"]
[Round "4"]
[White "Shaidullina,S"]
[Black "Romanko,M"]
[Result "0-1"]
[WhiteElo "2191"]
[BlackElo "2409"]

1.d4 d5 2.c4 c6 3.Nf3 Nf6 4.Nc3 e6 5.Qb3 Be7 6.Bg5 O-O 7.e3 b6 8.Rc1 Bb7
9.cxd5 exd5 10.Bd3 Nbd7 11.O-O c5 12.Bb1 c4 13.Qc2 g6 14.h3 a6 15.Rcd1 b5
16.a3 Qc7 17.Nh2 Bd6 18.f4 Rfe8 19.Qf2 Kg7 20.g4 Ng8 21.Nf3 f6 22.Bh4 Bc6
23.g5 f5 24.Ne5 a5 25.Nxc6 Qxc6 26.a4 b4 27.Nb5 b3 28.Bg3 Bb4 29.e4 dxe4
30.d5 Qc5 31.d6 Nb6 32.Nd4 Rad8 33.Nb5 Nxa4 34.Nc7 Nxb2 35.Nxe8+ Rxe8 36.d7 Rd8
37.Bxe4 Nxd1 38.Rxd1 fxe4 39.f5 gxf5 40.Qxc5 Bxc5+ 41.Kf1 Kf7 42.g6+ hxg6
43.Bc7 Ke7 44.Bxa5 Rxd7 45.Rc1 Ra7 46.Bc3 Ra2 47.Be5 Rc2 48.Rb1 Ke6 49.Bg7 Ne7
50.Ke1 Nd5 51.Kf1 Rf2+ 52.Ke1 e3 53.Ra1 Bb4+ 54.Bc3 Bxc3+  0-1

[Event "ch-Euro Youth b16"]
[Site "Albena BUL"]
[Date "2011.09.17"]
[Round "6.28"]
[White "Savitski,A"]
[Black "Musialkiewicz,J"]
[Result "0-1"]
[WhiteElo "1993"]
[BlackElo "2175"]

1.d4 d5 2.c4 e6 3.Nc3 c6 4.Nf3 Nf6 5.Bf4 dxc4 6.e4 Bb4 7.Qc2 b5 8.Be2 Bb7
9.O-O Nbd7 10.e5 Nd5 11.Bg5 f6 12.exf6 gxf6 13.Bh6 Qc7 14.a4 a6 15.Qe4 O-O-O
16.Rfc1 Bxc3 17.bxc3 Rhg8 18.Bf1 f5 19.Qe2 Rg6 20.Bd2 Rdg8 21.Nh4 Rf6 22.Qh5 Nf4
23.Qxh7 Nh3+ 24.Kh1 Nxf2+ 25.Kg1 Nh3+ 26.Kh1 Nf2+ 27.Kg1 Rff8 28.Kxf2 Qxh2
29.Qh6 Rh8 30.Qf4 Qxh4+ 31.Qxh4 Rxh4 32.Bg5 Rg4 33.Be7 Re8 34.Bd6 Nf6 35.Be5 Ne4+
36.Kg1 Reg8 37.Ra2 f4 38.Re2 f3 39.Rxe4 Rxe4 40.Kf2 fxg2 41.Bxg2 Rf8+ 42.Kg3 Re3+
43.Kh4 c5 44.Bh3 Bd5 45.axb5 axb5 46.Rg1 cxd4 47.cxd4 Re4+ 48.Kh5 Rxe5+ 49.dxe5 Rh8+  0-1

[Event "TCh-FIN SM-Liiga 2011-12"]
[Site "Finland FIN"]
[Date "2011.09.18"]
[Round "2.3"]
[White "Tuominen,R"]
[Black "Ebeling,D"]
[Result "1/2-1/2"]
[WhiteElo "2283"]
[BlackElo "2232"]

1.d4 d5 2.c4 c6 3.Nf3 e6 4.Qb3 Nf6 5.Nc3 Be7 6.cxd5 exd5 7.Bf4 O-O 8.e3 Qb6
9.Bd3 Qxb3 10.axb3 Bg4 11.Ne5 Bh5 12.f3 Nfd7 13.g4 Nxe5 14.Bxe5 Bg6 15.Bxg6 hxg6
16.h4 Nd7 17.Bg3 f6 18.Kd2 Kf7 19.h5 a6 20.e4 dxe4  1/2-1/2

[Event "TCh-CZE Liga 1 Zapad"]
[Site "Czech Rep CZE"]
[Date "2011.10.02"]
[Round "1.3"]
[White "Kozak, Milos"]
[Black "Mkhitaryan, Karlen"]
[Result "1-0"]
[WhiteElo "2191"]
[BlackElo "2154"]

1.d4 d5 2.c4 c6 3.Nf3 Nf6 4.Qb3 e6 5.Nc3 Qb6 6.c5 Qxb3 7.axb3 Nbd7 8.Bf4 Be7
9.e3 Nh5 10.Bc7 Bd8 11.Bxd8 Kxd8 12.Be2 Nhf6 13.b4 Re8 14.Ng5 Re7 15.f4 h6
16.Nf3 Ng4 17.Kd2 Nf2 18.Rhf1 Ne4+ 19.Nxe4 dxe4 20.Ne5 f6 21.Nc4 a6 22.g4 Rb8
23.Nd6 e5 24.Nf5 Rf7 25.Bc4 Rf8 26.Nxg7 Rh8 27.fxe5 fxe5 28.Rf7 exd4 29.exd4 b6
30.Kc3 a5 31.bxa5 bxc5 32.Ne6+ Ke8 33.Nxc5 Nxc5 34.dxc5 Rg8 35.h3 h5 36.Rf4  1-0

[Event "Oslo GM Open"]
[Site "Oslo NOR"]
[Date "2011.10.07"]
[Round "7.3"]
[White "Burmakin,V"]
[Black "Ernst,S"]
[Result "1/2-1/2"]
[WhiteElo "2588"]
[BlackElo "2581"]

1.d4 Nf6 2.Nf3 d5 3.c4 e6 4.Nc3 c6 5.Qb3 dxc4 6.Qxc4 b5 7.Qb3 Nbd7 8.Bg5 Qa5
9.Bxf6 gxf6 10.g3 Ba6 11.Bg2 Rc8 12.O-O b4 13.Ne4 Be7 14.Qe3 O-O 15.Nfd2 Qb5
16.Bf3 c5 17.dxc5 Nxc5 18.Rfc1 Nxe4 19.Nxe4 f5 20.Ng5  1/2-1/2

[Event "Lichtenrader Autumn"]
[Site "Berlin GER"]
[Date "2011.10.08"]
[Round "1.12"]
[White "Donath,Johann"]
[Black "Postler,R"]
[Result "0-1"]
[WhiteElo "1814"]
[BlackElo "2367"]

1.d4 Nf6 2.c4 c6 3.Nc3 d5 4.Nf3 e6 5.Bf4 dxc4 6.e3 b5 7.a4 Bb4 8.Bxb8 Rxb8
9.axb5 cxb5 10.Rxa7 Bb7 11.Be2 Nd5 12.Qa1 Qb6 13.Ra2 O-O 14.O-O Ra8 15.Nxd5 Bxd5
16.Rxa8 Rxa8 17.Qb1 Qb7 18.Rc1 Be4  0-1

[Event "II Oliver Gonzalez Memorial"]
[Site "Madrid ESP"]
[Date "2011.10.08"]
[Round "1.43"]
[White "Jimenez Vera,R"]
[Black "Dominguez Carmona,M"]
[Result "0-1"]
[WhiteElo "1591"]
[BlackElo "2087"]

1.d4 d5 2.c4 c6 3.Nf3 e6 4.Nc3 Nf6 5.Bf4 dxc4 6.e4 b5 7.a3 Bb7 8.Be2 Nbd7
9.O-O a6 10.e5 Nd5 11.Nxd5 cxd5 12.Qd2 Be7 13.Rfe1 Nb8 14.Bd1 Nc6 15.Bc2 b4
16.Bg5 Bxg5 17.Nxg5 b3 18.Bxh7 Nxd4 19.Qf4 Qe7 20.Re3 Rxh7 21.Nxh7 Nc2 22.Rae1 Nxe1
23.Rxe1 O-O-O 24.Qg3 f6 25.Re3 d4 26.Rf3 Bxf3 27.Qxf3 Qb7 28.Qh3 c3 29.Qxe6+ Kb8
30.exf6 cxb2 31.Qe1 Qc7  0-1